Zamestnanosť v službách

Podrobná bibliografia
Hlavný autor: Michalová, Valéria (Autor)
Médium: Článok
Jazyk:slovenčina
Fyzický popis:Tb. 8., lit. 4 zázn. v češ., angl.
Predmet:

MARC

LEADER 00000nab a2200000 a 4500
001 vtls000408662
003 SK-MaSNL
005 20260303160708.0
008 230223c1990 xo 0 slo
015 |a SNBRB19rr/mm-uuuuu 
035 |a CL0408786 
035 |a urn:nbn:sk:snk-ab31av 
035 |a (urnnbn)urn:nbn:sk:snk:ar-a04k3h 
035 |a (uuid)614deda5-2bcd-466f-bd89-2fd63ae7c27e 
040 |a SNKBUCL  |b slo  |c SNKBUCL  |e AACR2 
041 0 |a slo 
044 |a xo  |c SK 
080 |a 331.5:338.46  |2 1981 
080 |a 338.46  |2 1981 
100 1 |a Michalová, Valéria  |4 aut  |9 282462 
245 1 0 |a Zamestnanosť v službách  |c Valéria Michalová 
300 |b Tb. 8., lit. 4 zázn. v češ., angl. 
650 0 7 |a služby  |2 snkbucl  |9 2356 
650 0 7 |a zamestnanosť  |2 snkbucl  |9 2209 
655 7 |a články z novín a časopisov  |2 snkbucl  |9 267496 
773 0 |t Otázky práce  |g Roč. 1, č. 11-12 (1990), s. 10-14 
850 |a Slovenská národná knižnica v Martine  |a MTA001 
852 |a SNK  |b KIS3GCP 
954 |a odborná, vedecká literatúra pôvodná (slovenská)  |2 lita 
958 |a RK 
958 |a ME 
958 |a OND 
958 |a EUIPO 
958 |a article27 
992 |a RBX 
999 |c 2046973  |d 2048903